000 00391nam a2200169Ia 4500
008 210210b1947 xxu||||| |||| 00| 0 eng d
041 _aeng
082 _a331/222
100 _aSYKES (Ernest)
245 _aBanking and currency
260 _aLondon
_bButterworth & Co. Ltd.,
_c1947
650 _acurrency
650 _aBanking
650 _aand
690 _aBanking
906 _a004124
999 _c122959
_d122959